INTEGRATED principles of zoology
Guardat en:
| Format: | Llibre |
|---|---|
| Idioma: | anglès |
| Publicat: |
McGraw-Hill Education
2017
|
| Etiquetes: |
Afegir etiqueta
Sense etiquetes, Sigues el primer a etiquetar aquest registre!
|
MARC
| LEADER | 00000nam a22000007a 4500 | ||
|---|---|---|---|
| 008 | 230821b |||||||| |||| 00| 0 eng d | ||
| 020 | |a 9781259253492 | ||
| 245 | |a INTEGRATED principles of zoology |c /edited by Cleveland P. Hickman... (et al). |g xiii,834p;ill | ||
| 250 | |b 17th |c Keen,Susan | ||
| 250 | |c L'Anson, Helen | ||
| 250 | |b Larson, Allan | ||
| 250 | |c Eisenhour, David J. | ||
| 260 | |b McGraw-Hill Education |c 2017 |h New York |i 700617 |i 700618 |i 700619 |l QL47.2.In8 |m Zoology | ||
| 500 | |a it includes references and index | ||
| 942 | |a lcc |c BK |e Johnson |f 21/08/23 | ||
| 952 | |0 0 |1 0 |2 lcc |4 0 |6 QL00472 I N8 |7 0 |9 4397 |a SL |b HOL |c QZ |d 2023-08-21 |l 0 |o QL47.2.In8 |p 2023-0321 |r 2023-08-21 00:00:00 |t 700617 |w 2023-08-21 |y BK | ||
| 952 | |0 0 |1 0 |2 lcc |4 0 |6 QL00472 I N8 |7 0 |9 4398 |a HOL |b HOL |c QZ |d 2023-08-21 |l 0 |o QL47.2.In8 |p 2023-0322 |r 2023-08-21 00:00:00 |t 700618 |w 2023-08-21 |y BK | ||
| 952 | |0 0 |1 0 |2 lcc |4 0 |6 QL00472 I N8 |7 0 |9 4399 |a HOL |b HOL |c QZ |d 2023-08-21 |l 0 |o QL47.2.In8 |p 2023-0323 |r 2023-08-21 00:00:00 |t 700619 |w 2023-08-21 |y BK | ||
| 999 | |c 2207 |d 2207 | ||